header

Holiday romance (Record no. 17863)

MARC details
000 -LEADER
fixed length control field 00958nam a2200253Ia 4500
100 1# - MAIN ENTRY--AUTHOR NAME
Personal name Dickens, Charles,
245 10 - TITLE STATEMENT
Title Holiday romance
260 ## - PUBLICATION, DISTRIBUTION, ETC. (IMPRINT)
Place of publication Champaign, IL :
Name of publisher Project Gutenberg,
Year of publication 2001.
300 ## - PHYSICAL DESCRIPTION
Number of Pages 30 p.
650 #0 - SUBJECT ADDED ENTRY--TOPICAL TERM
Topical Term American fiction.
Topical Term American literature.
856 40 - ELECTRONIC LOCATION AND ACCESS
Uniform Resource Identifier http://site.ebrary.com/lib/rucke/Doc?id=5000635

No items available.

© 2026 Rongo University
Contact us: librarian | system librarian | Rongo university